000 00358 a2200169 4500
001 45385
020 _a9788508173471
040 _cAnchieta - Aquarius
100 _aPutel, Luiz
240 1 0 _a=Açúcar amargo
_lpor
245 1 0 _a=Açúcar amargo
300 _a40
362 0 _a2015
440 1 _aÁtica
650 4 _aLiteratura brasileira
942 _cBK
999 _c45385
_d45385